A remark on serial correlation in maximum likelihood (Registro nro. 26343)
[ vista simple ]
| 000 -LEADER | |
|---|---|
| fixed length control field | 00341 a2200109 4500 |
| 001 - CONTROL NUMBER | |
| control field | ART_12414 |
| 005 - DATE AND TIME OF LATEST TRANSACTION | |
| control field | 20260410161906.0 |
| 008 - FIXED-LENGTH DATA ELEMENTS--GENERAL INFORMATION | |
| fixed length control field | 260409a |
| 100 1# - MAIN ENTRY--PERSONAL NAME | |
| Personal name | Levine, David M. |
| 245 10 - TITLE STATEMENT | |
| Title | A remark on serial correlation in maximum likelihood |
| 773 0# - HOST ITEM ENTRY | |
| Title | Journal of econometrics |
| Related parts | - Vol. 23, Nº 3 (dic. 1983) |
| Record control number | REV11720 |
No hay ítems disponibles.